| 000 | 01350nam a2200157 4500 | ||
|---|---|---|---|
| 999 |
_c3780 _d3780 |
||
| 020 | _a9788125925309 | ||
| 050 | _aHJ9701 | ||
| 100 | _aBhatia, H. L. | ||
| 245 |
_aPublic finance _cBhatia, H. L. |
||
| 250 | _a26th ed | ||
| 260 |
_aNew Delhi _bVikas Pub. House PVT Ltd _c2008 |
||
| 300 |
_axv, 759p.: _bill; _c 21cm |
||
| 505 | _aPart I. Theory of public finance 1. Economics activities and the state 2. Meaning and scope of public finance 3. Principle of maximum social advantage 4. Public revenue - General considerations 5. The division of Tax burden - I 6. The division of tax burden -II 7. Incidence of taxes 8. Classification and choice of taxes 9. Effect of taxation 10. Public dept 11. Public expenditure - General considerations 12. Effects of of public expenditure 13. The public budget 14. Balanced budget and fiscal policy 15. Federal finance 16. Public undertakings Part II. Indian public finance 17. India federal finance -I 18. Indian federal finance -II 19. Public debt in India 20. Government of India finances 21. The India tax system: certain issues 22. Railway finances 23. Public sector in India 24. State finances 25. Agriculture taxation in India 26. Local finance 27. Comments on recent central budgets (2003-04 to 2007-08) Appendix | ||
| 650 | _aPublic Finance | ||
| 942 | _cBK | ||